000 00486nam a2200169Ia 4500
003 GCL
005 20240530095835.0
008 140319s9999 xx 000 0 eng d
040 _aGCL /
_cGCL
082 0 4 _a302.35
_bH S
100 1 _aHASSARD, JOHN
245 1 0 _aSOCIOLOGY AND ORGANIZATION THEORY: POSITIVISM , PARADIGMS AND POSTMODERNITY /
_cHASSARD, JOHN
260 _a[S.N] :
_bCAMBRIBGE UNIVERSITY PRESS ،
_c1995
300 _a197P
650 0 4 _aORGANIZATION
942 _2ddc
_cBK
999 _c11253
_d11253